| 000 | 01241nam0a2200349 4500 | ||
|---|---|---|---|
| 001 | RU\NLR\BIBL_A\022739576 | ||
| 005 | 20260426080714.0 | ||
| 010 |
_a978-5-00270-423-1 _931 |
||
| 021 |
_aRU _bКН-П-25-082638 _9КН-П-25-7997 |
||
| 035 | _a(NLR Aleph) 022739576 | ||
| 090 |
_a13696976 _c13696976 |
||
| 100 | _a20260227d2025 m y0rusy50 ca | ||
| 101 | 0 | _arus | |
| 102 | _aRU | ||
| 105 | _aac z 000yy | ||
| 181 | 0 |
_ai3 _baxxe |
|
| 181 | 0 |
_ab3 _baxxe |
|
| 182 | 0 | _an | |
| 200 | 1 |
_aБалет в фарфоре _fЕлена Сычева |
|
| 203 |
_aТекст _aИзображение _bвизуальные _cнепосредственные |
||
| 210 |
_aМосква _cПеро _d2025 |
||
| 215 |
_a288, [1] c. _cил., цв. ил., портр. _d21 |
||
| 320 | _aБиблиогр.: с. 285-288 | ||
| 606 | 1 |
_aБалет _xв изобразительном искусстве _91077470 _3RU\NLR\AUTH\66101888 |
|
| 606 | 1 |
_aХудожественные фарфоро-фаянсовые изделия _91837248 _3RU\NLR\AUTH\661123145 |
|
| 686 | 1 | _aЩ125.145.3(0) | |
| 686 | 1 | _aЩ103(0)-3 | |
| 700 | 1 |
_aСычева _bЕ. _gЕлена |
|
| 942 | _cBOOK | ||
| 980 | _aNB | ||